Statistiques concernant Les consoles de jeu vidéo

Cliquez ici pour prendre le quiz!

Statistiques générales

  • Ce quiz a été pris 598 fois
  • Le résultat moyen est 19 sur 25

Statistiques - réponses

Année de sortieConstructeurConsoleVentes (millions)% Correct
1994SonyPlayStation104,3
99%
2000SonyPlayStation 2157,7
97%
2006SonyPlayStation 385,8
97%
2013SonyPlayStation 460,1 (en cours)
96%
2001MicrosoftXbox24,7
93%
2004NintendoNintendo DS154
92%
2017NintendoNintendo Switch2,7 (en cours)
92%
2006NintendoWii101,5
91%
1989NintendoGame Boy118,7
89%
2012NintendoWii U13,8
86%
2011NintendoNintendo 3DS65,3 (en cours)
85%
2013MicrosoftXbox One28 (en cours)
84%
2005MicrosoftXbox 36084,6
83%
2001NintendoGameCube21,7
78%
2004SonyPlayStation Portable80,8
78%
2011SonyPlayStation Vita15,2 (en cours)
76%
1983NintendoNES61,9
75%
1996NintendoNintendo 6432,9
74%
1990NintendoSuper Nintendo49,1
74%
2001NintendoGame Boy Advance81,5
68%
1988SegaMega Drive39,5
65%
1998SegaDreamcast10,6
46%
1994SegaSaturn10
45%
1985SegaMaster System13
40%
1990SegaGame Gear10,6
33%

Distribution des résultats

Percentile par nombre de réponses

% des personnes avec chaque résultat

Votre développement - résultats

Vous n’avez pas pris ce quiz